Gues the birthplace of some KPOP Idols - Statistics

General Stats
  • This quiz has been taken 78 times
  • The average score is 8 of 30
Answer Stats
Idol City of birth % Correct
Eunha Seoul
78%
Jimin Busan
75%
Mashiro Tokyo
73%
Felix Sydney
61%
Suga Daegu
51%
Sana Osaka
49%
Minnie Bangkok
46%
Rosè Auckland
39%
Hanni Melbourne
39%
Yuqi Beijing
36%
Vivi Hongkong
36%
J-Hope Gwangju
19%
Jay (Enhypen) Seattle
19%
Hikaru Fukuoka
17%
Ningning Harbin
17%
Mina San Antonio
17%
Xiaoting Chengdu
12%
Jisoo Gunpo
12%
Rei Nagoya
12%
Jessica San Francisco
12%
Momo Kyotanabe
8%
Danielle Newcastle
8%
Handong Wuhan
8%
Seulgi Ansan
5%
Fatou Dakar
5%
Sakura Kagoshima
5%
Ni-Ki Okayama
3%
Alex Mainz
2%
Lily Marrysville
2%
Tzuyu Tainan
2%
No matching quizzes found
Score Distribution
Percent of People with Each Score
Percentile by Number Answered
Your Score History
You have not taken this quiz